Economics of farm management in India: theory and practice / (Record no. 9450)
[ view plain ]
| 000 -LEADER | |
|---|---|
| fixed length control field | 00489cam a2200181ua 4500 |
| 003 - CONTROL NUMBER IDENTIFIER | |
| control field | OSt |
| 008 - FIXED-LENGTH DATA ELEMENTS--GENERAL INFORMATION | |
| fixed length control field | 220924b |||||||| |||| 00| 0 eng d |
| 020 ## - INTERNATIONAL STANDARD BOOK NUMBER | |
| ISBN | 81 7023 178 7 |
| 041 ## - LANGUAGE CODE | |
| Language code of text/sound track or separate title | eng |
| 082 ## - DEWEY DECIMAL CLASSIFICATION NUMBER | |
| Classification number | 631.584 1 |
| Item number | KAH/EC |
| 100 ## - MAIN ENTRY--AUTHOR NAME | |
| Personal name | Kahlon, A S . |
| 245 ## - TITLE STATEMENT | |
| Title | Economics of farm management in India: theory and practice / |
| 250 ## - EDITION STATEMENT | |
| Edition statement | 1 / |
| 260 ## - PUBLICATION, DISTRIBUTION, ETC. (IMPRINT) | |
| Place of publication | Mumbai : |
| Name of publisher | Allied Publishers Pvt Ltd , |
| Year of publication | 1980. |
| 300 ## - PHYSICAL DESCRIPTION | |
| Number of Pages | 424 ; . |
| 700 1# - ADDED ENTRY--PERSONAL NAME | |
| Personal name | Karam, Singh . |
| 942 ## - ADDED ENTRY ELEMENTS (KOHA) | |
| Koha item type | Books |
| Withdrawn status | Lost status | Damaged status | Home library | Current library | Date acquired | Full call number | Accession Number | Koha item type |
|---|---|---|---|---|---|---|---|---|
| KAUAET | KAUAET | 07/04/2012 | 631.584 1 KAH/EC | 19095 | Books | |||
| KAUAET | KAUAET | 07/04/2012 | 631.584 1 KAH/EC | 14687 | Books |
